Inteligencias múltiples y curriculum escolar / (Record no. 110588)

MARC details
000 -CABECERA
campo de control de longitud fija 00700nam a2200217 a 4500
005 - FECHA Y HORA DE LA ÚLTIMA TRANSACCIÓN
campo de control 20240910064325.0
008 - ELEMENTOS DE LONGITUD FIJA--INFORMACIÓN GENERAL
campo de control de longitud fija 050411s2001 000 eng d
020 ## - NÚMERO INTERNACIONAL NORMALIZADO PARA LIBROS
Número Internacional Estándar del Libro 8497000285
035 ## - NÚMERO DE CONTROL DEL SISTEMA
Número de control de sistema UPN01000138440
049 ## - COLECCIÓN
Colección CG
050 #4 - SIGNATURA TOPOGRÁFICA DE LA BIBLIOTECA DEL CONGRESO
Número de clasificación BF432.3
Número de documento/Ítem P7.4
100 1# - ASIENTO PRINCIPAL--NOMBRE PERSONAL
Nombre de persona Prieto Sánchez, María Dolores
9 (RLIN) 29584
245 10 - MENCIÓN DE TÍTULO
Título Inteligencias múltiples y curriculum escolar /
Mención de responsabilidad, etc. Ma. Dolores Prieto Sánchez, Carmen Ferrándiz García.
260 ## - PUBLICACIÓN, DISTRIBUCIÓN, ETC.
Lugar de publicación, distribución, etc. Archidona, Esp. :
Nombre del editor, distribuidor, etc. Aljibe,
Fecha de publicación, distribución, etc. 2001.
300 ## - DESCRIPCIÓN FÍSICA
Extensión 120 p. :
Otras características físicas cuadros
440 #0 - MENCIÓN DE SERIE/ASIENTO SECUNDARIO--TÍTULO
Título Temas de psicología
650 #7 - ASIENTO SECUNDARIO DE MATERIA - TERMINO TEMATICO
Término de materia o nombre geográfico como elemento de entrada Inteligencias múltiples
Fuente del encabezamiento o término
9 (RLIN) 171
650 #4 - ASIENTO SECUNDARIO DE MATERIA - TERMINO TEMATICO
Término de materia o nombre geográfico como elemento de entrada Aprendizaje
9 (RLIN) 2861
700 1# - ASIENTO SECUNDARIO--NOMBRE DE PERSONAL
Nombre de persona Ferrándiz, García, Carmen,
Término indicativo de función/relación coaut.
905 ## - TIPO DE MATERIAL
Tipo de material Libro
Holdings
Estado de retiro Estado de pérdida Fuente del sistema de clasificación o colocación Estado dañado No para préstamo Código de colección Localización permanente Ubicación/localización actual Ubicación en estantería Total de préstamos Clasificación Código de barras Fecha visto por última vez Número de copia Tipo de ítem Koha Fecha de adquisición Fecha del último préstamo
    Library of Congress Classification     Colección General Bib. Gregorio Torres Quintero Bib. Gregorio Torres Quintero Planta baja   BF432.3 P7.4 229748 31/12/2020 1 Libro    
    Library of Congress Classification     Colección General Bib. Gregorio Torres Quintero Bib. Gregorio Torres Quintero Planta baja 50 BF432.3 P7.4 229747 02/09/2022 1 Libro 19/08/2022 19/08/2022
    Library of Congress Classification     Colección General Bib. Gregorio Torres Quintero Bib. Gregorio Torres Quintero Planta baja 46 BF432.3 P7.4 229746 31/12/2020 1 Libro